Statystyki dla Wymień wszystkie ulice na osiedlu Czyżkówko w Bydgoszczy

Kliknij tutaj aby rozwiązać quiz!

Ogólne statystyki

  • Ten quiz został rozwiązany 14 razy
  • Średni wynik to 24 z 86

Statystyki odpowiedzi

ULICA% Poprawnych
Filtrowa
82%
Nad torem
82%
Chojnicka
73%
Koronowska
73%
Wiejska
73%
Chmurna
64%
Deszczowa
64%
Grunwaldzka
64%
Siedlecka
64%
Krajeńska
55%
Łanowa
55%
Świętego Antoniego z Padwy
55%
Wyrzyska
55%
Burzowa
45%
Gradowa
45%
Jerzego Orlicza
45%
Karolewska
45%
Kazimierza Jułgi
45%
Łąkowa
45%
Wichrowa
45%
Byszewska
36%
Charzykowska
36%
Mściwoja
36%
Polarna
36%
Pszeniczna
36%
Śniegowa
36%
Bruska
27%
Buszkowska
27%
Chmielna
27%
Elbląska
27%
Głucha
27%
Gogolińska
27%
Karsińska
27%
Księdza Bernarda Sychty
27%
Lodowa
27%
Małgorzaty Szułczyńskiej
27%
Piwna
27%
Przejazd
27%
Rotmistrza Witolda Pileckiego
27%
Sępoleńska
27%
Witosławy
27%
Andrzeja Nowackiego
18%
Borowiacka
18%
Chełmżyńska
18%
Edwarda Szmańdy
18%
Kórnicka
18%
Łebska
18%
Łubinowa
18%
Lubostrońska
18%
Papiernicza
18%
Piaśnicka
18%
Pod borem
18%
Sambora
18%
Skarszewska
18%
Świętopełka
18%
Tadeusza Rzepeckiego
18%
Urodzajna
18%
Wągrowiecka
18%
Wdzydzka
18%
Władysława Odonica
18%
Wrzosowa
18%
Żnińska
18%
Bysławska
9%
Czarnkowska
9%
Jarmużowa
9%
Jęczmienna
9%
Kociewska
9%
Łącka
9%
Lniana
9%
Łobżenicka
9%
Lubawska
9%
Mleczna
9%
Podniebna
9%
Rajmunda Kuczmy
9%
Rogalińska
9%
Świekatowska
9%
Szczecińska
9%
Szpęgawska
9%
Trzeciewiecka
9%
Wałdowska
9%
Więcborska
9%
Zawodzie
9%
Gostycyńska
0%
Gryczana
0%
Obornicka
0%
Skarbiewska
0%

Rozkład punktacji

Percentyl według liczby udzielonych odpowiedzi

Procent ludzi z każdym wynikiem

Twoja historia wyników

Nie rozwiązałeś tego quizu